[Event "New England Club Championship for 2014"]
[Site "SchemingMind.com"]
[Date "2013.11.07"]
[Round "-"]
[White "bemweeks"]
[Black "AussieMossie"]
[Result "1/2-1/2"]
[WhiteCountry "USA"]
[BlackCountry "AUS"]
[WhiteElo "2503"]
[WhiteRD "122"]
[BlackElo "2458"]
[BlackRD "107"]
[GameID "341500"]

1. e4 e5 2. Nf3 Nc6 3. Bb5 a6 4. Ba4 Nf6 5. O-O Be7 6. Re1 b5 7. Bb3 d6 8. c3 O-O 9. h3 Na5 10. Bc2 c5
11. d4 Qc7 12. Nbd2 Nc6 13. d5 Nd8 14. a4 Rb8 15. axb5 axb5 16. b4 Nb7 17. Nf1 Bd7 18. Be3 Rfc8 19. Bd3 c4 20. Bc2 Ra8
21. Qc1 Nd8 22. Qb2 Qb7 23. Ng3 Rxa1 24. Rxa1 Ra8 25. Ra3 g6 26. Nd2 Ne8 27. Qa1 Rxa3 28. Qxa3 Ng7 29. Qa1 f5 30. exf5 gxf5
31. Bh6 Qxd5 32. Qa7 Qb7 33. Qxb7 Nxb7 34. Bxg7 Kxg7 35. Bxf5 Bxf5 36. Nxf5+ Kf6 37. Nxe7 Kxe7 38. f4 exf4 39. Kf2 d5 40. Kf3 d4
41. cxd4 c3 42. Nb3 Kd6 43. Kxf4 Kd5 44. Ke3 Kc4 45. Nc1 Nd6 46. d5 Kxb4=
1/2-1/2